Guess the rapper by the song #4 - Statistics

General Stats
  • This quiz has been taken 31 times
  • The average score is 9 of 15
Answer Stats
Song Rapper % Correct
The Woo (feat. 50 Cent, Roddy Ricch) Pop Smoke
93%
Shotta Flow 5 NLE Choppa
89%
Sum 2 Prove Lil Baby
85%
Miss The Rage (feat. Playboi Carti) Trippie Redd
78%
Futsal Shuffle 2020 Lil Uzi Vert
70%
Money in the Grave (feat. Rick Ross) Drake
67%
Late At Night Roddy Ricch
67%
Blood on my Jeans Juice WRLD
59%
2055 Sleepy Hallow
59%
Wockesha Moneybagg Yo
52%
His and Hers (feat. Don Toliver, Lil Uzi Vert, Gunna) Internet Money
44%
Ramen and OJ (feat. Lil Baby) Joyner Lucas
41%
Never Left Lil Tecca
41%
Cry No More (feat. Polo G, Lil Tjay) G Herbo
22%
Modern Day Migos
19%
No matching quizzes found
Score Distribution
Percent of People with Each Score
Percentile by Number Answered
Your Score History
You have not taken this quiz